[Event "Lvov Tradition IM 11"]
[Site "Lvov"]
[Date "2019.11.22"]
[Round "4"]
[White "Cherniaiev, Tykhon"]
[Black "Zaika, Daniil"]
[Result "1/2-1/2"]
[WhiteElo "2121"]
[BlackElo "2274"]
[PlyCount "78"]
[EventDate "2019.11.20"]
[EventType "tourn"]
[EventRounds "9"]
[EventCountry "UKR"]
[EventCategory "1"]
[SourceTitle "CBM 193 Extra"]
[Source "ChessBase"]
[SourceDate "2020.01.31"]
[SourceVersion "1"]
[SourceVersionDate "2020.01.31"]
[SourceQuality "1"]

1. Nf3 d5 2. g3 c6 3. Bg2 Bg4 4. 0-0 Nf6 5. d3 e6 6. Nbd2 Nbd7 7. h3 Bh5 8. Qe1 Bd6 9. e4 Qc7 10. c3 0-0 11. Nh4 Ne5 12. d4 Nd3 13. Qe3 dxe4 14. Nxe4 Nxe4 15. Bxe4 Nxc1 16. Raxc1 Rae8 17. Qg5 Be2 18. Rfe1 Be7 19. Qe3 Bh5 20. Bf3 Bxh4 21. Bxh5 Bf6 22. Bg4 Qa5 23. a3 e5 24. dxe5 Rxe5 25. Qd3 h5 26. Bf3 h4 27. g4 Rd8 28. Qc2 Rde8 29. Rxe5 Qxe5 30. Qf5 Qxf5 31. gxf5 Re5 32. Bg4 Rb5 33. Rc2 Kh7 34. Rd2 Bg5 35. Re2 Rb3 36. Rc2 Kh6 37. Be2 Rb6 38. Bc4 f6 39. b4 c5 1/2-1/2

[Event "Suwalki Warakomska Memorial op 3rd"]
[Site "Suwalki"]
[Date "2019.08.10"]
[Round "7"]
[White "Reza, Wojciech"]
[Black "Zaika, Daniil"]
[Result "1-0"]
[WhiteElo "2261"]
[BlackElo "2216"]
[PlyCount "101"]
[EventDate "2019.08.05"]
[EventType "swiss"]
[EventRounds "9"]
[EventCountry "POL"]
[SourceTitle "CBM 191 Extra"]
[Source "ChessBase"]
[SourceDate "2019.09.30"]
[SourceVersion "1"]
[SourceVersionDate "2019.09.30"]
[SourceQuality "1"]

1. d4 d5 2. c4 c6 3. Nf3 Nf6 4. Qc2 dxc4 5. Qxc4 Bg4 6. e3 Nbd7 7. Be2 Bxf3 8. Bxf3 e5 9. 0-0 Bd6 10. Nc3 0-0 11. g3 Qe7 12. Qb3 Nb6 13. dxe5 Bxe5 14. Bd2 Rfd8 15. Rfd1 Rd7 16. Be1 Rad8 17. Rxd7 Rxd7 18. a4 Nbd5 19. Nxd5 Nxd5 20. Bg4 Rd8 21. Rd1 Nf6 22. Qxb7 Bc7 23. Rxd8+ Bxd8 24. Qxe7 Bxe7 25. Bf3 c5 26. Kf1 Nd7 27. b3 Kf8 28. Ke2 Bd6 29. Bc6 Ne5 30. Bd5 Ke7 31. f4 Ng4 32. h3 Nf6 33. Bc6 Nd7 34. e4 f6 35. Bxd7 Kxd7 36. Bd2 g6 37. Kd3 Kc6 38. Kc4 a6 39. Be3 h5 40. g4 hxg4 41. hxg4 Be7 42. Bc1 Bd6 43. Bd2 Bc7 44. f5 gxf5 45. exf5 Bd8 46. Bf4 Be7 47. Be3 Bf8 48. g5 fxg5 49. Bxg5 Bd6 50. Bh6 Be5 51. Bf8 1-0

[Event "Voronezh op-A 23rd"]
[Site "Voronezh"]
[Date "2019.06.12"]
[Round "1"]
[White "Belyakov, Bogdan"]
[Black "Zaika, Daniil"]
[Result "1-0"]
[WhiteElo "2483"]
[BlackElo "2231"]
[PlyCount "103"]
[EventDate "2019.06.12"]
[EventType "swiss"]
[EventRounds "9"]
[EventCountry "RUS"]
[SourceTitle "EXT 2020"]
[Source "ChessBase"]
[SourceDate "2019.10.17"]
[SourceVersion "1"]
[SourceVersionDate "2019.10.17"]
[SourceQuality "1"]

1. d4 d5 2. c4 c6 3. Nc3 Nf6 4. e3 e6 5. Bd2 c5 6. dxc5 Bxc5 7. cxd5 exd5 8. Rc1 Nc6 9. Bb5 0-0 10. Na4 Bd6 11. Nf3 Ne4 12. Nc3 a6 13. Bxc6 bxc6 14. Nxe4 dxe4 15. Nd4 c5 16. Ne2 Be6 17. b3 Qg5 18. Ng3 Rfd8 19. Qc2 f5 20. 0-0 Rac8 21. Ba5 Rd7 22. Rfd1 Qe7 23. Qe2 Rc6 24. Bc3 c4 25. bxc4 Bxc4 26. Qb2 Be6 27. Bd4 Rxc1 28. Qxc1 Rc7 29. Qb2 Rb7 30. Qa1 Qf7 31. Be5 Be7 32. h3 h6 33. a4 Kh7 34. Qc3 Bb3 35. Rb1 g6 36. Ne2 Bf8 37. Qc6 Bd5 38. Rxb7 Qxb7 39. Qe8 Qe7 40. Qb8 Bg7 41. Bxg7 Kxg7 42. a5 Bb7 43. Nd4 h5 44. h4 Bd5 45. g3 Bb7 46. Qa7 Qd7 47. Qb6 Kf7 48. Qc5 Qd5 49. Qc7+ Kf6 50. Kg2 Ba8 51. Qb6+ Kf7 52. Qxa6 1-0

[Event "Moscow op-A 15th"]
[Site "Moscow"]
[Date "2019.02.03"]
[Round "9"]
[White "Zaika, Daniil"]
[Black "Zarubitski, Viachaslau"]
[Result "1/2-1/2"]
[WhiteElo "2289"]
[BlackElo "2415"]
[PlyCount "91"]
[EventDate "2019.01.26"]
[EventType "swiss"]
[EventRounds "9"]
[EventCountry "RUS"]
[SourceTitle "CBM 188 Extra"]
[Source "ChessBase"]
[SourceDate "2019.02.26"]
[SourceVersion "1"]
[SourceVersionDate "2019.02.26"]
[SourceQuality "1"]

1. d4 d5 2. c4 e6 3. Nf3 Nf6 4. g3 Bb4+ 5. Bd2 Be7 6. Bg2 0-0 7. 0-0 c6 8. Qc2 b6 9. a4 Bb7 10. a5 Na6 11. Rd1 c5 12. Nc3 dxc4 13. dxc5 Nb4 14. Qa4 Bxc5 15. Bg5 Qe7 16. Ne5 Bxg2 17. Kxg2 Qb7+ 18. f3 Nfd5 19. a6 Qc7 20. Nxc4 Nxc3 21. bxc3 Nd5 22. Rac1 h6 23. e4 hxg5 24. exd5 exd5 25. Rxd5 Rfe8 26. Qd7 Re2+ 27. Kh3 Qxd7+ 28. Rxd7 Ra2 29. Rcd1 Rxa6 30. Rc7 Ra4 31. Ne5 f6 32. Nc6 Kh7 33. Rdd7 Kg6 34. Rxg7+ Kf5 35. Rxa7 R8xa7 36. Rxa7 Rc4 37. Nd4+ Bxd4 38. cxd4 Rxd4 39. Rb7 Rb4 40. Kg2 Rb2+ 41. Kh3 b5 42. Rb6 b4 43. Rb5+ Kg6 44. g4 b3 45. Kg3 Kf7 46. f4 1/2-1/2

[Event "Moscow RSHSH Cup"]
[Site "Moscow"]
[Date "2018.10.24"]
[Round "8"]
[White "Mamatov, Melis"]
[Black "Zaika, Daniil"]
[Result "0-1"]
[WhiteElo "2196"]
[BlackElo "2228"]
[PlyCount "106"]
[EventDate "2018.10.17"]
[EventType "tourn"]
[EventRounds "9"]
[EventCountry "RUS"]
[EventCategory "1"]
[SourceTitle "CBM 187 Extra"]
[Source "ChessBase"]
[SourceDate "2018.11.04"]
[SourceVersion "1"]
[SourceVersionDate "2018.11.04"]
[SourceQuality "1"]

1. e4 c5 2. Nf3 d6 3. d4 cxd4 4. Qxd4 Nc6 5. Bb5 Bd7 6. Bxc6 Bxc6 7. c4 f5 8. Nc3 e5 9. Qd3 fxe4 10. Nxe4 Nf6 11. Nc3 Be7 12. Ng5 Qd7 13. f3 0-0 14. 0-0 Rab8 15. Be3 b5 16. Nd5 Bxd5 17. cxd5 Rfc8 18. f4 Bd8 19. Rae1 h6 20. fxe5 dxe5 21. Ne4 Nxe4 22. Qxe4 Ba5 23. b4 Rc4 24. Qxe5 Re8 25. Qxe8+ Qxe8 26. bxa5 Qe5 27. Bxa7 Qxd5 28. Rd1 Qb7 29. Be3 Ra4 30. Bb6 Rxa2 31. Rf2 Rxf2 32. Bxf2 b4 33. Ra1 b3 34. Rb1 b2 35. h3 Qb3 36. Bd4 Qd3 37. Rxb2 Qxd4+ 38. Rf2 Qa7 39. g3 Qxa5 40. Kg2 Qd5+ 41. Kh2 Kh7 42. Rf4 Qd2+ 43. Kg1 Kg6 44. Rf2 Qe3 45. Kg2 Kg5 46. Rf1 Qe2+ 47. Kg1 h5 48. Rf2 Qe3 49. h4+ Kg4 50. Kg2 Qxg3+ 51. Kh1 Qxh4+ 52. Kg1 Qxf2+ 53. Kh1 Qe2 0-1

[Event "Suwalki Warakomska Memorial-A op"]
[Site "Suwalki"]
[Date "2018.08.02"]
[Round "2"]
[White "Warakomski, Tomasz"]
[Black "Zaika, Daniil"]
[Result "1/2-1/2"]
[WhiteElo "2505"]
[BlackElo "2213"]
[PlyCount "86"]
[EventDate "2018.08.01"]
[EventType "swiss"]
[EventRounds "9"]
[EventCountry "POL"]
[SourceTitle "CBM 185 Extra"]
[Source "ChessBase"]
[SourceDate "2018.07.29"]
[SourceVersion "1"]
[SourceVersionDate "2018.07.29"]
[SourceQuality "1"]

1. e4 c5 2. f4 d5 3. exd5 Nf6 4. Nc3 Nxd5 5. Nf3 Nxc3 6. bxc3 g6 7. Bc4 Bg7 8. Ne5 0-0 9. 0-0 Nd7 10. Qe2 Nb6 11. Bb3 Qc7 12. a4 Bxe5 13. Qxe5 Qxe5 14. fxe5 c4 15. Ba2 Be6 16. Rb1 Rab8 17. Ba3 Rfe8 18. Bc5 Nd7 19. Bd4 Rec8 20. Rb4 b6 21. Rfb1 Rc6 22. a5 Rcc8 23. axb6 axb6 24. R1b2 Rc6 25. Ra4 Rbc8 26. Kf2 g5 27. Rb5 Kg7 28. Ke3 Kg6 29. d3 R8c7 30. Bxc4 Bxc4 31. Rxc4 Rxc4 32. dxc4 Rxc4 33. Rd5 Rc7 34. g4 h5 35. h3 hxg4 36. hxg4 f6 37. exf6 Nxf6 38. Bxf6 exf6 39. Kd3 Rc5 40. c4 Rc6 41. Kd4 Re6 42. c5 bxc5+ 43. Kxc5 Re4 1/2-1/2

[Event "Voronezh op-A 22nd"]
[Site "Voronezh"]
[Date "2018.06.15"]
[Round "4"]
[White "Zaika, Daniil"]
[Black "Malyshev, Grigory"]
[Result "0-1"]
[WhiteElo "2118"]
[BlackElo "2362"]
[PlyCount "78"]
[EventDate "2018.06.12"]
[EventType "swiss"]
[EventRounds "9"]
[EventCountry "RUS"]
[SourceTitle "CBM 185 Extra"]
[Source "ChessBase"]
[SourceDate "2018.07.29"]
[SourceVersion "1"]
[SourceVersionDate "2018.07.29"]
[SourceQuality "1"]

1. d4 Nf6 2. c4 e6 3. Nf3 b6 4. Nc3 Bb4 5. Qc2 Bb7 6. a3 Bxc3+ 7. Qxc3 Ne4 8. Qc2 d6 9. e3 Nd7 10. Bd3 f5 11. 0-0 0-0 12. b4 Rf6 13. d5 Qe8 14. Nd4 exd5 15. cxd5 Ne5 16. f3 Nxd3 17. Qxd3 Ng5 18. Nxf5 Qe5 19. e4 Rxf5 20. Bxg5 Rxg5 21. f4 Ba6 22. Qxa6 Qd4+ 23. Kh1 Rg6 24. Qe2 Re8 25. Rae1 Rf6 26. Qc2 Rf7 27. h3 Rfe7 28. Rc1 h6 29. Qc3 Qxe4 30. Qc4 Qf5 31. Qb5 c5 32. Qc6 Qf6 33. bxc5 bxc5 34. Rb1 Re2 35. f5 Kh7 36. Qd7 R8e3 37. a4 c4 38. Qxa7 Qg5 39. Rg1 Qh4 0-1

[Event "Moscow op-A 14th"]
[Site "Moscow"]
[Date "2018.01.29"]
[Round "3"]
[White "Zaika, Daniil"]
[Black "Shubin, Kirill"]
[Result "1/2-1/2"]
[WhiteElo "2043"]
[BlackElo "2299"]
[PlyCount "39"]
[EventDate "2018.01.27"]
[EventType "swiss"]
[EventRounds "9"]
[EventCountry "RUS"]
[SourceTitle "CBM 182 Extra"]
[Source "ChessBase"]
[SourceDate "2018.02.23"]
[SourceVersion "1"]
[SourceVersionDate "2018.02.23"]
[SourceQuality "1"]

1. d4 e6 2. c4 Nf6 3. Nf3 Bb4+ 4. Bd2 a5 5. g3 d6 6. Bg2 Nbd7 7. 0-0 e5 8. Bc1 exd4 9. Nxd4 0-0 10. Qc2 Re8 11. Nc3 h6 12. Na4 Ra6 13. Rd1 Qe7 14. b3 Ne5 15. a3 Bc5 16. Nxc5 dxc5 17. Nb5 Rb6 18. Nc3 Nc6 19. e3 Ne5 20. Bb2 1/2-1/2

[Event "Voronezh op-A 21st"]
[Site "Voronezh"]
[Date "2017.06.20"]
[Round "8"]
[White "Zaika, Daniil"]
[Black "Sakorenko, Adriana"]
[Result "1-0"]
[WhiteElo "2093"]
[BlackElo "2140"]
[PlyCount "59"]
[EventDate "2017.06.12"]
[EventType "swiss"]
[EventRounds "9"]
[EventCountry "RUS"]
[SourceTitle "EXT 2018"]
[Source "ChessBase"]
[SourceDate "2017.10.13"]
[SourceVersion "1"]
[SourceVersionDate "2017.10.13"]
[SourceQuality "1"]

1. d4 f5 2. c4 Nf6 3. g3 g6 4. Bg2 Bg7 5. Nf3 d6 6. 0-0 0-0 7. b4 c5 8. bxc5 dxc5 9. e3 Nc6 10. Bb2 Ne4 11. Nbd2 Qb6 12. Rb1 Nxd2 13. Qxd2 Qa6 14. d5 Nd8 15. Bxg7 Kxg7 16. Ne5 Nf7 17. Nd3 Qd6 18. Qc3+ Kg8 19. f3 b6 20. e4 fxe4 21. fxe4 Qc7 22. e5 Bb7 23. Rb2 Nh6 24. Nf4 Rf5 25. Re2 Rb8 26. Bh3 Rff8 27. Be6+ Kg7 28. d6 Qd8 29. Ref2 Bc8 30. Nh5+ 1-0

[Event "Voronezh op-A 21st"]
[Site "Voronezh"]
[Date "2017.06.18"]
[Round "6"]
[White "Zaika, Daniil"]
[Black "Ustinov, Alexey"]
[Result "1/2-1/2"]
[WhiteElo "2093"]
[BlackElo "2138"]
[PlyCount "88"]
[EventDate "2017.06.12"]
[EventType "swiss"]
[EventRounds "9"]
[EventCountry "RUS"]
[SourceTitle "EXT 2018"]
[Source "ChessBase"]
[SourceDate "2017.10.13"]
[SourceVersion "1"]
[SourceVersionDate "2017.10.13"]
[SourceQuality "1"]

1. Nf3 Nf6 2. c4 e6 3. Nc3 d5 4. d4 c6 5. e3 Nbd7 6. Qc2 Bd6 7. Bd3 0-0 8. 0-0 Qe7 9. e4 dxc4 10. Bxc4 e5 11. d5 Nb6 12. Bb3 cxd5 13. exd5 Bg4 14. Ng5 Rac8 15. Be3 h6 16. Bxb6 hxg5 17. Be3 e4 18. Qd2 Qe5 19. f4 exf3 20. gxf3 Bh3 21. Rfe1 Qf5 22. Qf2 g4 23. f4 Rfe8 24. Bc2 g3 25. hxg3 Qh5 26. Bd1 Bg4 27. Bxa7 Rxe1+ 28. Qxe1 Re8 29. Qf2 Bb4 30. Bxg4 Nxg4 31. Qd2 Qh6 32. Bd4 Re4 33. Rd1 b6 34. Qg2 Re8 35. Ne4 Rxe4 36. Qxe4 Qh2+ 37. Kf1 Qxg3 38. Ke2 Qh2+ 39. Kd3 Bc5 40. Bxc5 bxc5 41. Qe8+ Kh7 42. Qe4+ Kg8 43. Qe8+ Kh7 44. Qe4+ Kg8 1/2-1/2

[Event "Voronezh op-A 21st"]
[Site "Voronezh"]
[Date "2017.06.16"]
[Round "5"]
[White "Zaika, Daniil"]
[Black "Pogorelskikh, Sofia"]
[Result "1/2-1/2"]
[WhiteElo "2093"]
[BlackElo "2050"]
[PlyCount "73"]
[EventDate "2017.06.12"]
[EventType "swiss"]
[EventRounds "9"]
[EventCountry "RUS"]
[SourceTitle "EXT 2018"]
[Source "ChessBase"]
[SourceDate "2017.10.13"]
[SourceVersion "1"]
[SourceVersionDate "2017.10.13"]
[SourceQuality "1"]

1. d4 Nf6 2. c4 g6 3. Nc3 Bg7 4. e4 d6 5. Nf3 0-0 6. Be3 e5 7. dxe5 dxe5 8. Qxd8 Rxd8 9. Nd5 Nxd5 10. cxd5 c6 11. Bc4 b5 12. Bb3 Bb7 13. Rc1 a5 14. a3 a4 15. Ba2 b4 16. axb4 a3 17. bxa3 Rxa3 18. Bc4 Ra4 19. Bb6 Rc8 20. Bc5 cxd5 21. exd5 Nd7 22. d6 Nxc5 23. bxc5 Bh6 24. d7 Rd8 25. 0-0 Bxc1 26. Rxc1 Bxf3 27. gxf3 Rxc4 28. Rxc4 Rxd7 29. Kg2 f6 30. f4 exf4 31. Kf3 Kf7 32. Kxf4 Ke6 33. Ra4 Rc7 34. Ra6+ Ke7 35. Ra5 Ke6 36. Ra6+ Ke7 37. Ra5 1/2-1/2

[Event "Voronezh op-A 21st"]
[Site "Voronezh"]
[Date "2017.06.15"]
[Round "4"]
[White "Muromtsev, Arthur"]
[Black "Zaika, Daniil"]
[Result "1-0"]
[WhiteElo "2234"]
[BlackElo "2093"]
[PlyCount "123"]
[EventDate "2017.06.12"]
[EventType "swiss"]
[EventRounds "9"]
[EventCountry "RUS"]
[SourceTitle "EXT 2018"]
[Source "ChessBase"]
[SourceDate "2017.10.13"]
[SourceVersion "1"]
[SourceVersionDate "2017.10.13"]
[SourceQuality "1"]

1. e4 e6 2. d4 d5 3. exd5 exd5 4. c4 Bb4+ 5. Nc3 Nf6 6. Bd3 0-0 7. Nge2 dxc4 8. Bxc4 c6 9. 0-0 Nbd7 10. Bg5 Nb6 11. Bb3 Be7 12. Re1 Nbd5 13. Ng3 Be6 14. Nxd5 Nxd5 15. Bxe7 Qxe7 16. Bxd5 cxd5 17. f4 Qd7 18. Qd3 f6 19. Re3 Rfe8 20. Rae1 Bf7 21. Qf5 Qb5 22. Qc2 Qb4 23. Qf2 g6 24. h4 Kg7 25. f5 Rxe3 26. Rxe3 Re8 27. fxg6 hxg6 28. Rxe8 Bxe8 29. h5 Qe7 30. Qf4 Bf7 31. Qg4 Qe1+ 32. Kh2 Qe6 33. Qf4 Qe7 34. Qb8 a6 35. Qf4 Qd8 36. a3 Qe7 37. Qg4 Qe6 38. Qf4 Qe7 39. Qg4 Qe6 40. Qf4 Qe7 41. hxg6 Bxg6 42. Qg4 Qc7 43. Kh3 Kf7 44. Nh5 Qc6 45. Nf4 Be4 46. Qh5+ Ke7 47. Qh6 Qc8+ 48. Kh4 Qg8 49. Nh5 Qg5+ 50. Qxg5 fxg5+ 51. Kxg5 Bxg2 52. Kf5 Kd6 53. Kf6 Bh3 54. Ng3 a5 55. Nf5+ Kc6 56. Ne3 Kd6 57. b3 Bd7 58. Nf5+ Kc6 59. Ke5 Bxf5 60. Kxf5 Kb5 61. Ke5 a4 62. bxa4+ 1-0